Tout les Pokémon légendaires et fabuleux - Statistiques

Statistiques générales
  • Ce quiz a été pris 130 fois
  • Le résultat moyen est 62 sur 119
Statistiques - réponses
Type 1 Type 2 Région Pokémon % Correct
Glace Vol Kanto Artikodin
100%
Feu Vol Kanto Sulfura
100%
Electrik Vol Kanto Electhor
95%
Psy Kanto Mew
95%
Psy Kanto Mewtwo
94%
Psy Vol Johto Lugia
92%
Acier Dragon Sinnoh Dialga
89%
Eau Dragon Sinnoh Palkia
89%
Feu Johto Entei
85%
Dragon Vol Hoenn Rayquaza
85%
Eau Johto Suicune
85%
Sol Hoenn Groudon
84%
Eau Hoenn Kyogre
84%
Electrik Johto Raikou
82%
Roche Hoenn Regirock
81%
Acier Hoenn Registeel
79%
Feu Dragon Unys Reshiram
79%
Plante Psy Johto Celebi
77%
Ténèbres Sinnoh Darkrai
77%
Spectre Dragon Sinnoh Giratina
77%
Glace Hoenn Regice
77%
Electrik Dragon Unys Zekrom
77%
Psy Sinnoh Créfadet
76%
Feu Acier Sinnoh Heatran
76%
Glace Dragon Unys Kyurem
76%
Normal Sinnoh Arceus
74%
Psy Sinnoh Créfollet
74%
Psy Sinnoh Créhelf
71%
Dragon Psy Hoenn Latias
71%
Dragon Psy Hoenn Latios
71%
Normal Sinnoh Regigigas
69%
Plante Psy Sinnoh Shaymin
68%
Feu Psy Unys Victini
68%
Feu Vol Johto Ho-Ho
66%
Eau Combat Unys Keldeo
65%
Plante Combat Unys Viridium
65%
Fée Kalos Xerneas
65%
Ténèbres Vol Kalos Yveltal
65%
Acier Insect Unys Genesect
63%
Acier Psy Hoenn Jirachi
63%
Eau Sinnoh Manaphy
63%
Electrik Fée Alola Tokorico
63%
Acier Combat Unys Cobaltium
61%
Psy Acier Alola Solgaleo
61%
Roche Combat Unys Terrakium
61%
Eau Fée Alola Tokopisco
61%
Sol Dragon Kalos Zygarde
61%
Psy Hoenn Deoxys
60%
Fée Roche Kalos Diancie
60%
Psy Spectre Alola Lunala
60%
Eau Sinnoh Phione
60%
Plante Fée Alola Tokotoro
60%
Sol Vol Unys Démétéros
58%
Electrik Vol Unys Fulguris
58%
Vol Unys Boréas
56%
Psy Sinnoh Cresselia
56%
Psy Fée Alola Tokopiyon
55%
Feu Eau Kalos Volcanion
53%
Psy Spectre Kalos Hoopa
50%
Normal Psy Unys Meloetta
50%
Psy Alola Cosmog
45%
Psy Alola Cosmovum
45%
Psy Alola Necrozma
45%
Acier Vol Alola Bamboiselle
44%
Fée Acier Galar Zacian
44%
Ténèbres Dragon Alola Engloutyran
42%
Acier Fée Alola Magearna
42%
Acier Alola Meltan
42%
Poison Dragon Galar Ethernatos
40%
Spectre Combat Alola Marshadow
40%
Combat Acier Galar Zamazenta
40%
Poison Dragon Alola Mandrillon
39%
Insect Combat Alola Mouscoto
39%
Dragon Galar Regidrago
39%
Electrik Galar Regieleki
39%
Combat Eau/Ténèbres Galar Shifours
39%
Roche Poison Alola Zéroïd
39%
Electrik Alola Câblifère
37%
Acier Alola Melmetal
37%
Poison Alola Vémini
37%
Electrik Alola Zeraora
37%
Psy Vol Galar Artikodin de Galar
35%
Insect Combat Alola Cancrelove
35%
Combat Vol Galar Electhor de Galar
35%
Acier Plante Alola Katagami
35%
Normal Alola Type:0
35%
Combat Galar Wushours
35%
Ténèbres Feu Paldea Yuyu
35%
Plante Ténèbres Galar Zarude
35%
Roche Acier Alola Ama-Ama
34%
Glace Galar Blizzeval
34%
Combat Dragon Paldea Koraidon
34%
Electrik Dragon Paldea Miraidon
34%
Feu Spectre Alola Pierroteknik
34%
Spectre Galar Spectreval
34%
Ténèbres Vol Galar Sulfura de Galar
34%
Normal Alola Silvallié
32%
Psy Plante Galar Sylveroy
31%
Ténèbres Glace Paldea Baojian
29%
Ténèbres Sol Paldea Dinglu
27%
Ténèbres Plante Paldea Chongjian
26%
Feu Poison Paldea Mite-de-Fer
24%
Combat Fée Paldea Garde-de-Fer
23%
Dragon Ténèbres Paldea Rugit-Lune
23%
Ténèbres Vol Paldea Têtes-de-Fer
23%
Sol Combat Paldea Fort-Ivoire
21%
Combat Electrik Paldea Paume-de-Fer
21%
Psy Johto Zarbi
21%
Fée Vol Galar Amovénus
19%
Roche Electrik Paldea Epine-de-Fer
19%
Spectre Fée Paldea Flotte-Mèche
19%
Glace Eau Paldea Hotte-de-Fer
19%
Fée Psy Paldea Hurle-Queue
19%
Sol Acier Paldea Roue-de-Fer
19%
Plante Psy Paldea Vert-de-Fer
19%
Electrik Sol Paldea Pelage-Sablé
18%
Eau Dragon Paldea Serpente-Eau
18%
Plante Ténèbres Paldea Fongus-Furie
16%
Insect Combat Paldea Rampe-Ailes
15%
Aucun quiz correspondant
Distribution des résultats
% des personnes avec chaque résultat
Percentile par nombre de réponses
Votre historique - résultats
Vous n’avez pas pris ce quiz